Ciudad y Municipio gerenciamiento y gobernabilidad /

Detalles Bibliográficos
Autor principal: Dromi, Roberto
Formato: Desconocido
Lenguaje:español
Publicado: Buenos Aires : Ciudad Argentina, 2007
Acceso en línea:Acceso restringido

MARC

LEADER 00000ny a22000003n 4500
005 20110621115724.0
008 080806s2007 ag s 000 0 spa d
020 |a 987507277X 
035 |a 2130 
040 |a UMA.RE  |d vLex 
080 |a 352(0.034) 
080 |a 71(0.034) 
090 |c 927  |d 927 
100 1 |a Dromi, Roberto 
245 1 0 |a Ciudad y Municipio  |h [Recurso electrn̤ico]  |b gerenciamiento y gobernabilidad /  |c Roberto Dromi 
256 |a Servicio en ln̕ea 
260 |a Buenos Aires :  |b Ciudad Argentina,  |c 2007 
506 1 |a Contenido solo disponible en los productos indicados  |d vLex Global  |d vLex Global (Academic Edition, excluding Law Schools)  |d vLex Global (U.S. Academic Edition, Law Schools)  |d vLex Global (U.S. Academic Edition, excluding Law Schools)  |d vLex Global (Academic Edition, Law Schools) 
740 0 |a vLex Libros (Servicios en ln̕ea) 
856 4 0 |u http://vlex.com/source/2130  |z Acceso restringido 
942 |c BOOK 
999 0 4 |a Administracin̤ local  |v En ln̕ea 
999 0 4 |a Urbanismo  |v En ln̕ea